00392nam a2200133Ia 4500082001800000100002400018245007700042260004800119300001000167504002100177650002800198650001400226700001800240 a306.165 SCH-; aSchluchter, Wofgang 0aParadoxes of modernity:b culture and conduct in the theory of Max Weber aCaliforniabStandard University Pressc1996 a389p. aIncludes indexes aWeber, Max - Philosophy aParadoxes aSolomon, Neil